Čerpanie z fondov Európskej únie
Podmienky získania prostriedkov z fondov únie a oblasti ich uplatnenia. Posudzovanie projektov. Rozdelenie regiónov podľa cieľov. Operačné programy. Priemysel a služby. Ľudské zdroje. Poľnohospodárstvo a rozvoj vidieka. Základná infraštruktúra.
Enregistré dans:
| Auteur principal: | |
|---|---|
| Format: | Chapitre de livre |
| Langue: | slovaque |
| Sujets: | |
| Tags: |
Pas de tags, Soyez le premier à ajouter un tag!
|
MARC
| LEADER | 00000naa$a2200000$$$4500 | ||
|---|---|---|---|
| 001 | 0003462 | ||
| 005 | 20231016083426.4 | ||
| 041 | 0 | |a slo | |
| 044 | |a SK | ||
| 245 | 1 | 0 | |a Čerpanie z fondov Európskej únie |c aut. Ľubomír Šimna |
| 520 | |a Podmienky získania prostriedkov z fondov únie a oblasti ich uplatnenia. Posudzovanie projektov. Rozdelenie regiónov podľa cieľov. Operačné programy. Priemysel a služby. Ľudské zdroje. Poľnohospodárstvo a rozvoj vidieka. Základná infraštruktúra. | ||
| 610 | 2 | 0 | |a Európska únia |
| 610 | 2 | 0 | |a fondy finančné |
| 610 | 2 | 0 | |a projekty |
| 610 | 2 | 0 | |a fondy štruktúrne |
| 610 | 2 | 0 | |a regióny |
| 610 | 2 | 0 | |a priemysel |
| 610 | 2 | 0 | |a služby |
| 610 | 2 | 0 | |a zdroje ľudské |
| 610 | 2 | 0 | |a poľnohospodárstvo |
| 610 | 2 | 0 | |a vidiek |
| 610 | 2 | 0 | |a infraštruktúra |
| 100 | 1 | |a Šimna, Ľubomír | |